Soznam národopisných predmetov

Bibliographic Details
Format: Book
Language:Slovak
PhysicalDescription:7, [1] s. 8°
Published: [Slovensko] [vydavateľ nie je známy] [1935]
Subjects:

MARC

LEADER 00000cam a2200000 a 4500
001 vtls008397908
003 SK-MaSNL
005 20260301123601.0
008 250313s1935 xo 000 0 slo
015 |a SNBA19191938-011541 
035 |a SK01SNKBSKHR20010090125 
035 |a urn:nbn:sk:snk-am3i019 
035 |a 0CD9D7FB-F7E4-45B6-BB49-9E9E024FB943 
035 |a urn:nbn:sk:snk-am00df1r 
035 |a SKM000092588 
040 |a SNK  |b slo  |c SNK  |e AACR2 
041 0 |a slo 
044 |a xo  |c SK 
080 |a 391  |2 1981 
245 0 0 |a Soznam národopisných predmetov 
260 |a [Slovensko]  |b [vydavateľ nie je známy]  |c [1935]  |e Martin  |f Tatran 
300 |a 7, [1] s.  |c 8° 
650 0 7 |a etnografia  |2 SNKPH  |9 950 
650 0 7 |a etnografické zbierky  |2 SNKPH  |9 84942 
655 7 |a príručky  |2 SNKPH  |9 74364 
852 |a Slovenská národná knižnica 
958 |a ONDV 
958 |a RK 
958 |a TL 
999 |c 736786  |d 738716 
952 |a SNK  |b SNK  |y VYP  |7 0  |p 17A0677429  |o snkSD 7075 D1  |i snkF 4757/63  |8 5  |0 0  |1 0  |4 0  |d 2010-11-09  |l 0  |r 2026-02-23 22:47:05  |w 2026-02-23 
952 |a SNK  |b SNK  |y PREZ  |7 0  |p 17A0909971  |o snkSD 7075  |i snk5702/50  |0 0  |1 0  |4 0  |d 2019-10-21  |f 1  |l 0  |r 2025-11-17 00:00:00  |w 2026-02-23